000 00319nam a22001457a 4500
008 210322b ||||| |||| 00| 0 eng d
020 _ax0014d50pn
041 _aeng
080 _24th
_a616.8
082 _a616.8
100 _a7
101 _aNEU
245 _aBlueprints Neurology
_cDrislane, F. W
942 _2udc
_cBK
999 _c56657
_d56657